Sports Illustrated: Athlete : (Record no. 585042)

MARC details
000 -LEADER
fixed length control field 00479nam a2200193 a 4500
008 - FIXED-LENGTH DATA ELEMENTS--GENERAL INFORMATION
fixed length control field 250902s2008##################000#0#eng##
020 ## - INTERNATIONAL STANDARD BOOK NUMBER
ISBN 9781603200080
082 04 - DEWEY DECIMAL CLASSIFICATION NUMBER
Classification number 779.9796
Item number LOO
100 1# - MAIN ENTRY--AUTHOR NAME
Personal name Iooss, Walter,
245 10 - TITLE STATEMENT
Title Sports Illustrated: Athlete :
260 ## - PUBLICATION, DISTRIBUTION, ETC. (IMPRINT)
Name of publisher Sports Illustrated,
Year of publication 2008.
300 ## - PHYSICAL DESCRIPTION
Number of Pages 264 pages
650 #0 - SUBJECT ADDED ENTRY--TOPICAL TERM
Topical Term Photography.
942 ## - ADDED ENTRY ELEMENTS (KOHA)
Koha item type English Books
Holdings
Withdrawn status Lost status Damaged status Not for loan Home library Current library Shelving location Date acquired Full call number Accession Number Price effective from Koha item type
        Anna Centenary Library Anna Centenary Library 6TH FLOOR, B WING 02.09.2025 779.9796 LOO 507144 02.09.2025 English Books

Find us on the map